Big heart! : (Record no. 5667)

MARC details
000 -LEADER
fixed length control field 01267cam a2200397 a 4500
001 - CONTROL NUMBER
control field 5667
003 - CONTROL NUMBER IDENTIFIER
control field FISKH
005 - DATE AND TIME OF LATEST TRANSACTION
control field 20250110085238.0
008 - FIXED-LENGTH DATA ELEMENTS--GENERAL INFORMATION
fixed length control field 070511s2007 nyua b 000 1 eng
010 ## - LIBRARY OF CONGRESS CONTROL NUMBER
LC control number 2007015749
020 ## - INTERNATIONAL STANDARD BOOK NUMBER
International Standard Book Number 9781416909576 (pbk.)
020 ## - INTERNATIONAL STANDARD BOOK NUMBER
International Standard Book Number 1416909575 (pbk.)
020 ## - INTERNATIONAL STANDARD BOOK NUMBER
International Standard Book Number 9781416925620 (library binding)
020 ## - INTERNATIONAL STANDARD BOOK NUMBER
International Standard Book Number 1416925627 (library binding)
040 ## - CATALOGING SOURCE
Original cataloging agency DLC
Transcribing agency DLC
Modifying agency DLC
Language of cataloging eng
050 ## - LIBRARY OF CONGRESS CALL NUMBER
Classification number PZ8.H74
082 ## - DEWEY DECIMAL CLASSIFICATION NUMBER
Classification number 567
100 1# - MAIN ENTRY--PERSONAL NAME
Personal name Holub, Joan.
245 10 - TITLE STATEMENT
Title Big heart! :
Remainder of title a Valentine's Day story /
Statement of responsibility, etc. by Joan Holub ; illustrated by Will Terry.
260 ## - PUBLICATION, DISTRIBUTION, ETC.
Place of publication, distribution, etc. New York :
Name of publisher, distributor, etc. Aladdin,
Date of publication, distribution, etc. 2007.
300 ## - PHYSICAL DESCRIPTION
Extent 22 unnumbered pages :
Other physical details color illustrations ;
Dimensions 23 cm
490 0# - SERIES STATEMENT
Series statement Ready-to-read
505 ## - FORMATTED CONTENTS NOTE
Formatted contents note E<br/>
520 ## - SUMMARY, ETC.
Summary, etc. Young ants are hard at work in their classroom making a big valentine, but then they must decide on the recipient.
521 8# - TARGET AUDIENCE NOTE
Target audience note 230<br/>
Source Lexile <br/>
521 8# - TARGET AUDIENCE NOTE
Target audience note E<br/>
Source Raz-Plus<br/>
650 #1 - SUBJECT ADDED ENTRY--TOPICAL TERM
Topical term or geographic name entry element Valentines
Form subdivision Fiction.
650 #1 - SUBJECT ADDED ENTRY--TOPICAL TERM
Topical term or geographic name entry element Valentine's Day
Form subdivision Fiction.
650 #1 - SUBJECT ADDED ENTRY--TOPICAL TERM
Topical term or geographic name entry element Schools
Form subdivision Fiction.
650 #1 - SUBJECT ADDED ENTRY--TOPICAL TERM
Topical term or geographic name entry element Ants
Form subdivision Fiction.
650 #1 - SUBJECT ADDED ENTRY--TOPICAL TERM
Topical term or geographic name entry element Stories in rhyme.
700 1# - ADDED ENTRY--PERSONAL NAME
Personal name Terry, Will,
Dates associated with a name 1966-
Relator term illustrator
906 ## - LOCAL DATA ELEMENT F, LDF (RLIN)
a 7
b cbc
c orignew
d 1
e ecip
f 20
g y-gencatlg
942 ## - ADDED ENTRY ELEMENTS (KOHA)
Source of classification or shelving scheme Dewey Decimal Classification
Koha item type Books
Suppress in OPAC No
Holdings
Withdrawn status Lost status Source of classification or shelving scheme Damaged status Not for loan Collection Home library Current library Shelving location Date acquired Total Checkouts Full call number Barcode Date last seen Date last checked out Price effective from Koha item type
    Dewey Decimal Classification     Juvenile Fiction Footprints International School Library Network Toul Kork Campus Footprints International School Library Network Toul Kork Campus TK Primary Library Room(4th Floor), Bookcase 7, Shelves 57-60, Dark Green Books 01/10/2025 1 HOL 567 PZ8.H74 FISTK01076 01/13/2025 01/10/2025 01/10/2025 Books